000 00396nab a2200145Ia 4500
003 ES-SlBCS
005 20210601125014.0
008 140529s2007 xxu||||| |||| 00| 0 eng d
041 _aeng
100 1 _aHudson, Hud
_9152563
245 0 0 _aLesser Kinds Quartet
_c Hud Hudson
650 0 4 _aAmabilidad
_9152564
773 0 _tMonist, the
_gvol. 90, nº. 3, 2007, págs. 333-348
_wRev1667
942 _cAR
999 _c523171
_d523171